00713nam a22002057a 4500003000500000005001700005008004100022010001000063011001000073035001000083040000900093111012000102245001300222260008100235300001900316650004700335710004700382710003700429710004100466CHAP20220329140037.0971013s1977 r 10010 d a46101 a47073 a51214 cCHAP00aReunión de Profesores de Genética de las Escuelas y Facultades de Agronomía (n3d: 1977c: Chapingo, Méx.) aMemorias a(s.l.) :bAsociación Mexicana de Educación Agrícola Superior,c(1977?) a76 p.b: ilus.14aGenética vegetalxEstudio y enseñanza.0 aColegio de Postgraduados. Chapingo, Méx.0 aENA. Departamento de Fitotecnia.0 aSociedad Mexicana de Fitogenética.